Music Quiz

Random Music or Missing Word Quiz

Songs Absent Anagrams II Quiz Stats

Quiz Updated May 1, 2016

Challenge
Share
Tweet
Embed
Score 0/28 Timer 04:00
0 Plays Today
% Correct
NILE
93.4%
FELT
93.4%
NOPE
93.1%
DOG
92.5%
TWITS
92%
MANE
91.5%
BATHER
90.9%
EARTH
89.8%
FOWL
87.2%
NEAL
82.5%
CAPES
82.3%
EROS
79.2%
PROD
77.8%
LIPS
75.8%
% Correct
YAW
73.4%
CHEATER
72.7%
GINS
71.2%
SKIS
70.7%
DORA
69.1%
ETHER
63.8%
TSAR
63.2%
SUB
61.8%
THINGS
59.9%
BRA
53.9%
STREAM
53.3%
SLIME
45.1%
INSANE
43.9%
BOWL
43.4%

You're not logged in!

Compare scores with friends on all Sporcle quizzes.
Sign Up with Email
OR
Log In

You Might Also Like...

Show Comments

Extras

Top Quizzes Today


Score Distribution

Your Account Isn't Verified!

In order to create a playlist on Sporcle, you need to verify the email address you used during registration. Go to your Sporcle Settings to finish the process.